Statistics for Correct The spelling #11

Click here to take the quiz!

General Stats

  • This quiz has been taken 125 times
  • The average score is 15 of 16

Answer Stats

HintAnswer% Correct
PotterryPottery
100%
CampeignCampaign
98%
PrototipePrototype
98%
ArrangmentArrangement
97%
BrethtakingBreathtaking
97%
TransportatianTransportation
97%
SheduleSchedule
96%
TransmittTransmit
96%
DivotionDevotion
93%
LocomativeLocomotive
93%
ErotionErosion
87%
GalecticGalactic
84%
PersuasianPersuasion
84%
HoneydueHoneydew
83%
MillitaMilitia
80%
ExcresionExcretion
67%

Score Distribution

Percentile by Number Answered

Percent of People with Each Score

Your Score History

You have not taken this quiz